000 00703nam a22002057a 4500
005 20251108172128.0
008 250721s1984 xx 000 0 ara d
082 1 4 _a818.04/زله
100 1 _aزلهايم، رودلف
245 1 0 _aالأمثال العربية القديمة مع أعتناء خاص بكتاب الأمثال لأبي عبيد /
250 _aط3
264 1 _aبيروت :
_bمؤسسة الرسالة،
_c1984.
300 _a268ص
490 0 _aمكتبة الأمثال العربية ؛1
650 1 7 _aالأدب العربي
650 1 7 _aالأمثال و الحكم
700 1 _aعبد التواب، رمضان
_eترجمة
942 _2ddc
_cBK
999 _c71151
_d71151